| 000 | 00737nam a22002177a 4500 | ||
|---|---|---|---|
| 003 | UA-OsUOA | ||
| 001 | 136056 | ||
| 007 | ta | ||
| 008 | 20190304b un ||||| |||| 00| 0 ukr d | ||
| 100 | _aЦапко О. М. | ||
| 090 |
_a2 _bЦ17 |
||
| 942 | _cSA | ||
| 040 |
_aUA-OsUOA _bukr _cUA-OsUOA _dUA-OsUOA |
||
| 245 | _aВзаємини Української православної церкви і Константинопольського патріархату в історичній ретроспективі | ||
| 300 | _aС.172-187 | ||
| 955 | _a0 | ||
| 041 | _aukr | ||
| 080 | _a2 | ||
| 773 | 0 |
_w136043 _tПроблеми всксвітньої історії _dК. _d2018 _g2 |
|
| 650 | 7 |
_a2 Релігія. Теологія. _2UDC |
|
| 999 |
_c409197 _d409197 |
||